<?xml version="1.0" encoding="UTF-8"?>
<record
    xmlns:xsi="http://www.w3.org/2001/XMLSchema-instance"
    xsi:schemaLocation="http://www.loc.gov/MARC21/slim http://www.loc.gov/standards/marcxml/schema/MARC21slim.xsd"
    xmlns="http://www.loc.gov/MARC21/slim">

  <leader>00418nas a2200181   4500</leader>
  <controlfield tag="001">2783</controlfield>
  <controlfield tag="005">20181127165810.0</controlfield>
  <datafield tag="022" ind1="0" ind2="0">
    <subfield code="a">0017-8012</subfield>
  </datafield>
  <datafield tag="090" ind1="0" ind2="0">
    <subfield code="a">PERIODICAL</subfield>
  </datafield>
  <datafield tag="245" ind1="0" ind2="0">
    <subfield code="a">Harvard business review (South Asia)</subfield>
    <subfield code="b"></subfield>
    <subfield code="c"></subfield>
  </datafield>
  <datafield tag="260" ind1="0" ind2="0">
    <subfield code="a"></subfield>
    <subfield code="b"></subfield>
    <subfield code="c"></subfield>
  </datafield>
  <datafield tag="300" ind1="0" ind2="0">
    <subfield code="a"></subfield>
  </datafield>
  <datafield tag="310" ind1="0" ind2="0">
    <subfield code="a">Bi-monthly</subfield>
  </datafield>
  <datafield tag="500" ind1="0" ind2="0">
    <subfield code="a"></subfield>
  </datafield>
  <datafield tag="650" ind1="0" ind2="0">
    <subfield code="a">Business --Periodicals.</subfield>
    <subfield code="x"></subfield>
  </datafield>
  <datafield tag="650" ind1="0" ind2="0">
    <subfield code="a">Commerce --Periodicals.</subfield>
    <subfield code="x"></subfield>
  </datafield>
  <datafield tag="650" ind1="0" ind2="0">
    <subfield code="a">Economics --Periodicals.</subfield>
    <subfield code="x"></subfield>
  </datafield>
  <datafield tag="999" ind1=" " ind2=" ">
    <subfield code="c">2234</subfield>
    <subfield code="d">2234</subfield>
  </datafield>
  <datafield tag="952" ind1=" " ind2=" ">
    <subfield code="0">0</subfield>
    <subfield code="1">0</subfield>
    <subfield code="4">0</subfield>
    <subfield code="7">0</subfield>
    <subfield code="8">PERIODICALS</subfield>
    <subfield code="a">RTCLIB</subfield>
    <subfield code="b">RTCLIB</subfield>
    <subfield code="c">PERIODICALS</subfield>
    <subfield code="h">7 7</subfield>
    <subfield code="l">0</subfield>
    <subfield code="o"> SERIALS</subfield>
    <subfield code="p">HBR v.7 no.7</subfield>
    <subfield code="r">2018-11-27 00:00:00</subfield>
    <subfield code="w">2012-07-04</subfield>
    <subfield code="y">PERIODICAL</subfield>
  </datafield>
  <datafield tag="952" ind1=" " ind2=" ">
    <subfield code="0">0</subfield>
    <subfield code="1">0</subfield>
    <subfield code="4">0</subfield>
    <subfield code="7">0</subfield>
    <subfield code="8">PERIODICALS</subfield>
    <subfield code="a">RTCLIB</subfield>
    <subfield code="b">RTCLIB</subfield>
    <subfield code="c">PERIODICALS</subfield>
    <subfield code="h">7 4</subfield>
    <subfield code="l">0</subfield>
    <subfield code="o"> SERIALS</subfield>
    <subfield code="p">HBR v.7 no.4</subfield>
    <subfield code="r">2018-11-27 00:00:00</subfield>
    <subfield code="w">2012-04-04</subfield>
    <subfield code="y">PERIODICAL</subfield>
  </datafield>
  <datafield tag="952" ind1=" " ind2=" ">
    <subfield code="0">0</subfield>
    <subfield code="1">0</subfield>
    <subfield code="4">0</subfield>
    <subfield code="7">0</subfield>
    <subfield code="8">PERIODICALS</subfield>
    <subfield code="a">RTCLIB</subfield>
    <subfield code="b">RTCLIB</subfield>
    <subfield code="c">PERIODICALS</subfield>
    <subfield code="h">7 5</subfield>
    <subfield code="l">0</subfield>
    <subfield code="o"> SERIALS</subfield>
    <subfield code="p">HBR v.7 no.5</subfield>
    <subfield code="r">2018-11-27 00:00:00</subfield>
    <subfield code="w">2012-05-01</subfield>
    <subfield code="y">PERIODICAL</subfield>
  </datafield>
  <datafield tag="952" ind1=" " ind2=" ">
    <subfield code="0">0</subfield>
    <subfield code="1">0</subfield>
    <subfield code="4">0</subfield>
    <subfield code="7">0</subfield>
    <subfield code="8">PERIODICALS</subfield>
    <subfield code="a">RTCLIB</subfield>
    <subfield code="b">RTCLIB</subfield>
    <subfield code="c">PERIODICALS</subfield>
    <subfield code="h">7 6</subfield>
    <subfield code="l">0</subfield>
    <subfield code="o"> SERIALS</subfield>
    <subfield code="p">HBR v.7 no.6</subfield>
    <subfield code="r">2018-11-27 00:00:00</subfield>
    <subfield code="w">2012-06-07</subfield>
    <subfield code="y">PERIODICAL</subfield>
  </datafield>
  <datafield tag="952" ind1=" " ind2=" ">
    <subfield code="0">0</subfield>
    <subfield code="1">0</subfield>
    <subfield code="4">0</subfield>
    <subfield code="7">0</subfield>
    <subfield code="8">PERIODICALS</subfield>
    <subfield code="a">RTCLIB</subfield>
    <subfield code="b">RTCLIB</subfield>
    <subfield code="c">PERIODICALS</subfield>
    <subfield code="h">7 ON POINT</subfield>
    <subfield code="l">0</subfield>
    <subfield code="o"> SERIALS</subfield>
    <subfield code="p">HBR v.7 ON POINT</subfield>
    <subfield code="r">2018-11-27 00:00:00</subfield>
    <subfield code="w">2012-09-02</subfield>
    <subfield code="y">PERIODICAL</subfield>
  </datafield>
  <datafield tag="952" ind1=" " ind2=" ">
    <subfield code="0">0</subfield>
    <subfield code="1">0</subfield>
    <subfield code="4">0</subfield>
    <subfield code="7">0</subfield>
    <subfield code="8">PERIODICALS</subfield>
    <subfield code="a">RTCLIB</subfield>
    <subfield code="b">RTCLIB</subfield>
    <subfield code="c">PERIODICALS</subfield>
    <subfield code="h">7 9</subfield>
    <subfield code="l">0</subfield>
    <subfield code="o"> SERIALS</subfield>
    <subfield code="p">HBR v.7  no.9</subfield>
    <subfield code="r">2018-11-27 00:00:00</subfield>
    <subfield code="w">2012-09-19</subfield>
    <subfield code="y">PERIODICAL</subfield>
  </datafield>
  <datafield tag="952" ind1=" " ind2=" ">
    <subfield code="0">0</subfield>
    <subfield code="1">0</subfield>
    <subfield code="4">0</subfield>
    <subfield code="7">0</subfield>
    <subfield code="8">PERIODICALS</subfield>
    <subfield code="a">RTCLIB</subfield>
    <subfield code="b">RTCLIB</subfield>
    <subfield code="c">PERIODICALS</subfield>
    <subfield code="h">7 12</subfield>
    <subfield code="l">0</subfield>
    <subfield code="o"> SERIALS</subfield>
    <subfield code="p">HBR v.7 no.12</subfield>
    <subfield code="r">2018-11-27 00:00:00</subfield>
    <subfield code="w">2012-12-05</subfield>
    <subfield code="y">PERIODICAL</subfield>
  </datafield>
  <datafield tag="952" ind1=" " ind2=" ">
    <subfield code="0">0</subfield>
    <subfield code="1">0</subfield>
    <subfield code="4">0</subfield>
    <subfield code="7">0</subfield>
    <subfield code="8">PERIODICALS</subfield>
    <subfield code="a">RTCLIB</subfield>
    <subfield code="b">RTCLIB</subfield>
    <subfield code="c">PERIODICALS</subfield>
    <subfield code="h">7 10</subfield>
    <subfield code="l">0</subfield>
    <subfield code="o"> SERIALS</subfield>
    <subfield code="p">HBR v.7 no.10</subfield>
    <subfield code="r">2018-11-27 00:00:00</subfield>
    <subfield code="w">2012-10-05</subfield>
    <subfield code="y">PERIODICAL</subfield>
  </datafield>
  <datafield tag="952" ind1=" " ind2=" ">
    <subfield code="0">0</subfield>
    <subfield code="1">0</subfield>
    <subfield code="4">0</subfield>
    <subfield code="7">0</subfield>
    <subfield code="8">PERIODICALS</subfield>
    <subfield code="a">RTCLIB</subfield>
    <subfield code="b">RTCLIB</subfield>
    <subfield code="c">PERIODICALS</subfield>
    <subfield code="h">7 11</subfield>
    <subfield code="l">0</subfield>
    <subfield code="o"> </subfield>
    <subfield code="p">HBR v.7 no.11</subfield>
    <subfield code="r">2018-11-27 00:00:00</subfield>
    <subfield code="w">2012-10-30</subfield>
    <subfield code="y">PERIODICAL</subfield>
  </datafield>
  <datafield tag="952" ind1=" " ind2=" ">
    <subfield code="0">0</subfield>
    <subfield code="1">0</subfield>
    <subfield code="4">0</subfield>
    <subfield code="7">0</subfield>
    <subfield code="8">PERIODICALS</subfield>
    <subfield code="a">RTCLIB</subfield>
    <subfield code="b">RTCLIB</subfield>
    <subfield code="c">PERIODICALS</subfield>
    <subfield code="h">8 7/8</subfield>
    <subfield code="l">0</subfield>
    <subfield code="o"> SERIALS</subfield>
    <subfield code="p">HBR v.8 no.7/8</subfield>
    <subfield code="r">2018-11-27 00:00:00</subfield>
    <subfield code="w">2013-07-08</subfield>
    <subfield code="y">PERIODICAL</subfield>
  </datafield>
  <datafield tag="952" ind1=" " ind2=" ">
    <subfield code="0">0</subfield>
    <subfield code="1">0</subfield>
    <subfield code="4">0</subfield>
    <subfield code="7">0</subfield>
    <subfield code="8">PERIODICALS</subfield>
    <subfield code="a">RTCLIB</subfield>
    <subfield code="b">RTCLIB</subfield>
    <subfield code="c">PERIODICALS</subfield>
    <subfield code="h">8 ON POINT</subfield>
    <subfield code="l">0</subfield>
    <subfield code="o"> SERIALS</subfield>
    <subfield code="p">HBR v. 8 ON POINT</subfield>
    <subfield code="r">2018-11-27 00:00:00</subfield>
    <subfield code="w">2013-09-30</subfield>
    <subfield code="y">PERIODICAL</subfield>
  </datafield>
  <datafield tag="952" ind1=" " ind2=" ">
    <subfield code="0">0</subfield>
    <subfield code="1">0</subfield>
    <subfield code="4">0</subfield>
    <subfield code="7">0</subfield>
    <subfield code="8">PERIODICALS</subfield>
    <subfield code="a">RTCLIB</subfield>
    <subfield code="b">RTCLIB</subfield>
    <subfield code="c">PERIODICALS</subfield>
    <subfield code="h">8 9</subfield>
    <subfield code="l">0</subfield>
    <subfield code="o"> </subfield>
    <subfield code="p">HBR v. 8 no. 9</subfield>
    <subfield code="r">2018-11-27 00:00:00</subfield>
    <subfield code="w">2013-09-25</subfield>
    <subfield code="y">PERIODICAL</subfield>
  </datafield>
  <datafield tag="952" ind1=" " ind2=" ">
    <subfield code="0">0</subfield>
    <subfield code="1">0</subfield>
    <subfield code="4">0</subfield>
    <subfield code="7">0</subfield>
    <subfield code="8">PERIODICALS</subfield>
    <subfield code="a">RTCLIB</subfield>
    <subfield code="b">RTCLIB</subfield>
    <subfield code="c">PERIODICALS</subfield>
    <subfield code="h">8 10</subfield>
    <subfield code="l">0</subfield>
    <subfield code="o"> SERIALS</subfield>
    <subfield code="p">HBR v.8 no.10</subfield>
    <subfield code="r">2018-11-27 00:00:00</subfield>
    <subfield code="w">2013-10-07</subfield>
    <subfield code="y">PERIODICAL</subfield>
  </datafield>
  <datafield tag="952" ind1=" " ind2=" ">
    <subfield code="0">0</subfield>
    <subfield code="1">0</subfield>
    <subfield code="4">0</subfield>
    <subfield code="7">0</subfield>
    <subfield code="8">PERIODICALS</subfield>
    <subfield code="a">RTCLIB</subfield>
    <subfield code="b">RTCLIB</subfield>
    <subfield code="c">PERIODICALS</subfield>
    <subfield code="h">7 8</subfield>
    <subfield code="l">0</subfield>
    <subfield code="o"> SERIALS</subfield>
    <subfield code="p">HBR v.7 no. 8</subfield>
    <subfield code="r">2018-11-27 00:00:00</subfield>
    <subfield code="w">2014-07-08</subfield>
    <subfield code="y">PERIODICAL</subfield>
  </datafield>
</record>
